Movie Quotes IV Quiz Stats

 Plays Quiz Updated Jul 10, 2017

Support Sporcle.
Go Orange.
Score 0/15 Timer 05:00
10 Plays Today
Quote Movie Title % Correct
Life is like a box of chocolates; you never know what you're gonna get.Forrest Gump
95.9%
...just a flesh wound.Monty Python and the Holy Grail
51.1%
As far back as I could remember I’ve always wanted to be a gangster.Goodfellas
44.9%
I’m not bad. I’m just drawn that way.Who Framed Roger Rabbit
42.9%
I wish I knew how to quit you.Brokeback Mountain
39.1%
You sly dog! You got me monologuing.The Incredibles
28.9%
Either I just peed my pants or um...THUNDERCATS ARE GO!Juno
26.9%
All right, Mr. DeMille, I’m ready for my close-up.Sunset Boulevard
26.6%
Quote Movie Title % Correct
I just want to say one word to you - just one word… ‘Plastics.’The Graduate
26.5%
They call me Mister Tibbs.In the Heat of the Night
24.2%
So I got that going for me, which is nice.Caddyshack
23.8%
I gave her my heart, she gave me a pen.Say Anything...
15.4%
There are no two words in the English language more harmful than 'good job'.Whiplash
9.5%
Oh, Jerry, don’t let’s ask for the moon. We have the stars.Now, Voyager
9.5%
Life is a banquet, and most poor suckers are starving to death.Auntie Mame
8.7%

You're not logged in!

Compare scores with friends on all Sporcle quizzes.
OR
Log In
Forgot?

From the Vault

Still President When...?

by Hejman

"Really? I'm still president? I have to deal with THAT?"
Remove Ads.
Support Sporcle.
Get the best of Sporcle when you Go Orange. This ad-free experience offers more features, more stats, and more fun while also helping to support Sporcle. Thank you for becoming a member.

Show Comments

Extras

Top Quizzes Today


Score Distribution

Your Account Isn't Verified!

In order to create a playlist on Sporcle, you need to verify the email address you used during registration. Go to your Sporcle Settings to finish the process.

Report this User

Report this user for behavior that violates our Community Guidelines.

Details: